Keeper of the Lost Cities Ability Quiz - Statistics

General Stats
  • This quiz has been taken 795 times
  • The average score is 27 of 35
Answer Stats
Hint Answer % Correct
Sophie's First Ability Telepath
100%
Fitz's Ability Telepath
100%
Alden's Ability Telepath
100%
Tiergan's Ability Telepath
100%
Magnate Leto's Ability Telepath
100%
Councillor Kenric's Ablility Telepath
100%
Councillor Emery's Ability Telepath
100%
Keefe's First Ability Empath
94%
Councillor Oralie's Ability Empath
94%
Biana's Ability Vanisher
90%
Alvar's Ability Vanisher
90%
Della's Ability Vanisher
90%
Councillor Ramira's Ability Vanisher
90%
Sophie's Third Ability Inflictor
86%
Councillor Bronte's Ability Inflictor
86%
Grady's Ability Mesmer
83%
Dex's Ability Technopath
83%
Tam's Ability Shade
80%
Sophie's Fifth Ability Enhancer
77%
Edaline's Ability Conjurer
76%
Councillor Liora's Ability Conjurer
76%
Brant's Ability Pyrokinetic
74%
Fintan's Ability Pyrokinetic
74%
Marella's Ability Pyrokinetic
74%
Sophie's Second Ability Polyglot
73%
Councillor Clarette's First Ability Polyglot
73%
Linh's Ability Hydrokinetic
72%
Sophie's Fourth Ability Teleporter
72%
Councillor Terik's Ability Descryer
51%
Councillor Alina's Ability Beguiler
50%
Councillor Zarina's Ability Charger
39%
Councillor Clarette's Second Ability Flasher
37%
Councillor Noland's Ability Vociferator
31%
Councillor Velia's Ability Guster
30%
Councillor Darek's Ability Phaser
28%
No matching quizzes found
Score Distribution
Percent of People with Each Score
Percentile by Number Answered
Your Score History
You have not taken this quiz